| 000 | 00939nac a22002651u 4500 | ||
|---|---|---|---|
| 010 | _a 89060701 | ||
| 020 | _a0930972120 (v. 1) | ||
| 020 | _a0930972139 (v. 2) | ||
| 020 | _a0930972112 (set) | ||
| 082 | 0 | 0 |
_a622.338 _bALL |
| 090 |
_c6520 _d6520 |
||
| 100 | _aAllen, Thomas O., | ||
| 245 | 1 | 0 |
_aProduction operations : _bwell completions, workover, and stimulation; V1 / _cThomas O. Allen and Alan P. Roberts. |
| 250 | _a3rd ed. | ||
| 260 |
_aTulsa : _bOil & Gas Consultants International,c1989. _cc1989. |
||
| 300 |
_a2 v. : _bill. ; _c29 cm. |
||
| 500 | _aDistributer: Al-Ahram. | ||
| 504 | _aIncludes bibliographical references. | ||
| 511 | _aCatalogued By: Mahitab. | ||
| 650 | 0 | _aOil wells. | |
| 650 | 0 | _aGas wells. | |
| 700 | 1 |
_aRoberts, Alan P., _d1927- |
|
| 942 |
_cBB _k622.338ALL |
||
| 999 |
_c6520 _d6520 |
||